| 000 | 00440nam a22001697a 4500 | ||
|---|---|---|---|
| 003 | SGT | ||
| 020 | _a9788195409655 | ||
| 082 |
_a615.53 _bA21S |
||
| 100 | _aSRKANTH,N. | ||
| 245 | _aAYURVEDA BASED CLINICAL MTHODS FOR EXAMINATION OF KASA & SHWASA ROGA | ||
| 250 | _a1ST | ||
| 260 |
_aNEW DELHI _bCCRAS _c2021 |
||
| 300 | _a105 | ||
| 650 | _aAYURVEDA | ||
| 653 | _a CLINICA,L MTHODS, EXAMINATION , KASA , SHWASA ROGA | ||
| 942 |
_2ddc _cBK |
||
| 999 |
_c25006 _d25006 |
||